|
|
|
|
| LEADER |
00000nab a2200000 a 4500 |
| 001 |
vtls000677069 |
| 003 |
SK-MaSNL |
| 005 |
20260304094921.0 |
| 008 |
250425|1998 xo ||||||| || 0 |slo |
| 015 |
|
|
|a SNBRB1998/10-30095
|
| 035 |
|
|
|a CLN000029238
|
| 035 |
|
|
|a urn:nbn:sk:snk-ab7595
|
| 035 |
|
|
|a (uuid)af0eeed8-8d5a-4d06-8de2-41d755f2dec2
|
| 035 |
|
|
|a (urnnbn)urn:nbn:sk:snk:ar-a06vyc
|
| 035 |
|
|
|a (sysno)vtls000677069
|
| 040 |
|
|
|a SNKBUCL
|b slo
|c SNKBUCL
|e AACR2
|
| 041 |
0 |
|
|a slo
|
| 044 |
|
|
|a xo
|c SK
|
| 080 |
|
|
|a 37:061.2(4)
|2 1997
|
| 100 |
1 |
|
|a Ferliková, Klára
|4 aut
|9 15433
|
| 245 |
1 |
0 |
|a Európa v škole
|b aktivity koordinačného centra
|c Klára Ferliková, Soňa Kostrianová
|
| 610 |
2 |
7 |
|a Európa v škole (projekt)
|2 snkbucl
|9 1263796
|
| 700 |
1 |
|
|a Kostriaková, Soňa
|4 aut
|9 1391736
|
| 773 |
0 |
|
|t Slovenská pedagogika
|g Roč. 1, č. 2 (1998), s. 43-45
|x 1335-3837
|
| 850 |
|
|
|a Slovenská národná knižnica
|
| 852 |
|
|
|a Slovenská národná knižnica
|
| 954 |
|
|
|a odborná, vedecká literatúra pôvodná (slovenská)
|2 lita
|
| 958 |
|
|
|a article27
|
| 958 |
|
|
|a OND
|
| 958 |
|
|
|a EUIPO
|
| 999 |
|
|
|c 2829668
|d 2831598
|